Sports Quiz

Random Sports Quiz

Mundobasket kviz #15 - Češka Quiz Stats

 Plays Quiz not verified by Sporcle

Score 0/7 Timer 02:00
0 Plays Today
Question Answer Wrong Answers
Izaberite tačnu tvrdnju. ???
57.5%
???
3.6%
???
6.9%
???
31.9%
Koja od ovih reprezentacija NIJE pobedila Srbiju na Mundobasketu 2014. godine u Španiji? ???
56.3%
???
12.7%
???
13.6%
???
17.5%
Srbija i Češka su poslednji put igrale na kvalifikacionom turniru za OI 2016. godine, a pre toga u četvrtfinalu Eurobasketa 2015.godine. Da li znate u kom gradu? ???
44.3%
???
23.2%
???
21.7%
???
10.2%
Koja od ovih tvrdnji je tačna za tu utakmicu? ???
41%
???
25.3%
???
11.4%
???
21.1%
Koji od igrača iz sastava Češke za Mundobasket 2019 je nastupio i na pomenutom meču na Eurobasketu 2015? ???
34.3%
???
22.3%
???
20.5%
???
21.4%
Koja od ovih tvrdnji je tačna za Tomaša Satoranskog. ???
22%
???
16%
???
36.4%
???
19%
Koliko košarkaša iz češkog nacionalnog tima za Mundobasket 2019 nastupa za Nimburk? ???
19%
???
30.1%
???
24.7%
???
23.2%

You're not logged in!

Compare scores with friends on all Sporcle quizzes.
OR
Log In

Sporcle TV

Today on Sporcle TV


Watch our educational content, quiz creation guides, and fun videos on Sporcle TV.

Show Comments

Extras

Created Sep 13, 2019ReportNominate

Top Quizzes Today


Score Distribution

Your Account Isn't Verified!

In order to create a playlist on Sporcle, you need to verify the email address you used during registration. Go to your Sporcle Settings to finish the process.

Report this User

Report this user for behavior that violates our Community Guidelines.

Details: